صوت من خلف الستار شعر / (رقم التسجيلة. 2961)

تفاصيل مارك
000 -LEADER
fixed length control field 00562nam a22001937a 4500
005 - DATE AND TIME OF LATEST TRANSACTION
control field 20251108164055.0
008 - FIXED-LENGTH DATA ELEMENTS--GENERAL INFORMATION
fixed length control field 250721s2009 xx 000 0 ara d
082 14 - DEWEY DECIMAL CLASSIFICATION NUMBER
Classification number 811.9565/محم
100 1# - MAIN ENTRY--PERSONAL NAME
Personal name محمد، عرب
Relator term مؤلف
245 10 - TITLE STATEMENT
Title صوت من خلف الستار شعر /
264 1# - PRODUCTION, PUBLICATION, DISTRIBUTION, MANUFACTURE, AND COPYRIGHT NOTICE
Place of production, publication, distribution, manufacture عمان :
Name of producer, publisher, distributor, manufacturer دار مجدلاوي،
Date of production, publication, distribution, manufacture, or copyright notice 2009.
300 ## - PHYSICAL DESCRIPTION
Extent 208ص.
650 17 - SUBJECT ADDED ENTRY--TOPICAL TERM
Topical term or geographic name as entry element الشعر العربي
650 17 - SUBJECT ADDED ENTRY--TOPICAL TERM
Topical term or geographic name as entry element العصر الحديث
650 17 - SUBJECT ADDED ENTRY--TOPICAL TERM
Topical term or geographic name as entry element الاردن
700 1# - ADDED ENTRY--PERSONAL NAME
Personal name رشيد، هارون هاشم
Relator term مقدم
942 ## - ADDED ENTRY ELEMENTS (KOHA)
Source of classification or shelving scheme Dewey Decimal Classification
Koha item type كتب
المقتنيات
حالة السحب حالة الفقدان مصدر التصنيف حالة التلف غير قابل للإعارة المكتبة الرئيسية المكتبة الحالية موقع الرف تاريخ التزويد الرقم المتسلسل Total Checkouts رقم الإستدعاء الباركود تاريخ آخر ظهور تاريخ الفاتورة نوع المادة (كوها)
    Dewey Decimal Classification     المكتبة المركزية المكتبة المركزية الإعارة 03/03/2009 1265219   811.9565/محم PLD00075703 28/07/2025 03/03/2009 كتب
    Dewey Decimal Classification     المكتبة المركزية المكتبة المركزية مقتنيات قسم التزويد 28/07/2025 1265220   811.9565/محم   28/07/2025 28/07/2025 كتب
    Dewey Decimal Classification     مكتبة أبو علندا العامة مكتبة أبو علندا العامة الإعارة 03/03/2009 1265222   811.9565/محم PLD00075704 28/07/2025 03/03/2009 كتب
    Dewey Decimal Classification     مكتبة الأميرة ايمان العامة مكتبة الأميرة ايمان العامة الإعارة 03/03/2009 1265223   811.9565/محم PLD00075705 28/07/2025 03/03/2009 كتب
    Dewey Decimal Classification     مكتبة مرج الحمام مكتبة مرج الحمام الإعارة 03/03/2009 1265224   811.9565/محم PLD00075706 28/07/2025 03/03/2009 كتب
Implemented & Customized by: BBB with SCIT (Smart Chains for Information Technology)

Powered by Koha